Poultry diseases, diagnosis and treatment / (Record no. 424)

MARC details
000 -LEADER
fixed length control field 00425nam a2200145Ia 4500
020 ## - INTERNATIONAL STANDARD BOOK NUMBER
ISBN 8122404103
050 ## - CALL NUMBER
Classification number SF995
Item number .C47
100 1# - AUTHOR
Personal name Chauhan, H.V.S.
245 10 - TITLE
Title Poultry diseases, diagnosis and treatment /
Statement of responsibility, etc H.V.S. Chauhan; Sushovan Roy
260 ## - PUBLICATION INFORMATION
Place of publication New Delhi :
Name of publisher New Age International Limited Publishers,
Year of publication 2006
300 ## - DESCRIPTION
Number of Pages xi, 430p. :
Other physical details ill.
500 ## - NOTES
General note includes index
650 #0 - SUBJECTS
Topical Term Poultry
General subdivision Diseases.
942 ## - ADDED ENTRY ELEMENTS (KOHA)
Koha item type Books
Holdings
Withdrawn status Lost status Home library Current library Date acquired Full call number Accession Number Koha item type
    Methodist University Library Wenchi Faculty Methodist University Library Wenchi Faculty 23/10/2017 SF995 .C47 12729 Books
    Methodist University Library Wenchi Faculty Methodist University Library Wenchi Faculty 23/10/2017 SF995 .C47 12730 Books
Copyright © 2026  MUG Library